Arquitecturas de adobe

Bibliographic Details
Main Authors: Bardou, Patrick, Arzoumanian, Varoujan
Format: Section = Libro
Language:Undetermined
Spanish
Published: México Gustavo Gili 1986
Edition:3a.ed.
Subjects:
LEADER 00550nam a2200217Ia 4500
008 240829s9999 xx 000 0 und d
020 |a 968-887-010-2 
040 |a BIBLIOTECA-RUSB/ 721 B245 
041 |a spa 
082 |a 721 B245 
100 1 |a Bardou, Patrick  
100 1 |b Arzoumanian, Varoujan 
245 1 0 |a Arquitecturas de adobe 
250 |a 3a.ed. 
260 |a México  |b Gustavo Gili  |c 1986 
300 |a 165 p. :il. 
650 7 |a CONSTRUCCION ARQUITECTONICA 
650 7 |b  ARQUITECTURA-TIERRA 
942 |c BK  |2 ddc 
991 |a TEXTO 
999 |c 5095